000 00330nam a2200121Ia 4500
008 240731s9999 xx 000 0 und d
022 _a1940-1019
245 4 _aThe Journal of Psychology : Interdisciplinary and Applied
260 _bRoutledge
856 _uhttps://www.tandfonline.com/loi/vjrl20
942 _2ddc
942 _cTFEJ
999 _c80011
_d80011
945 _a1
_bMadushi Gamage
_c1
_dMadushi Gamage